El Carácter simbólico de la política migratoria estadounidense /
Se analiza la Ley migratoria Simpson-Rodino ejecutada en Estados Unidos desde un punto de vista simbólico, más allá del punto de vista de una política pública.Se critica la capacidad y flexibilidad de los estados para formular y mantener las políticas migratorias que controlen los flujos migratorios...
Uloženo v:
| Hlavní autor: | |
|---|---|
| Médium: | Text |
| Témata: | |
| Tagy: |
Přidat tag
Žádné tagy, Buďte první, kdo vytvoří štítek k tomuto záznamu!
|
MARC
| LEADER | 00000 a a2200000 04500 | ||
|---|---|---|---|
| 001 | 3510 | ||
| 003 | |||
| 040 | |||
| 100 | |a Cuamea Velázquez, Felipe | ||
| 245 | |a El Carácter simbólico de la política migratoria estadounidense / |c Felipe Cuamea Velázquez | ||
| 520 | |a Se analiza la Ley migratoria Simpson-Rodino ejecutada en Estados Unidos desde un punto de vista simbólico, más allá del punto de vista de una política pública.Se critica la capacidad y flexibilidad de los estados para formular y mantener las políticas migratorias que controlen los flujos migratorios | ||
| 650 | |a ESTADO | ||
| 650 | |a POLITICAS PUBLICAS | ||
| 650 | |a POLITICAS MIGRATORIAS | ||
| 650 | |a MIGRACION | ||
| 773 | |g volumen 51, número 4; páginas 333-340 | ||
| 999 | |c 19709 |d 19709 | ||
